[Event "Tatabanya Genius Cup 1st"]
[Site "Tatabanya"]
[Date "2013.03.14"]
[Round "1"]
[White "Kovacs, David"]
[Black "Kantor, Gergo"]
[Result "1-0"]
[WhiteElo "2164"]
[BlackElo "1523"]
[PlyCount "87"]
[EventDate "2013.03.14"]
[EventType "swiss"]
[EventRounds "6"]
[EventCountry "HUN"]
[SourceTitle "EXT 2014"]
[Source "ChessBase"]
[SourceDate "2013.11.20"]
[SourceVersion "1"]
[SourceVersionDate "2013.11.20"]
[SourceQuality "1"]

1. e4 e5 2. Nf3 Nc6 3. Bb5 Nf6 4. d3 h6 5. Bxc6 dxc6 6. Nxe5 Bd6 7. Nc4 0-0 8. h3 b5 9. Nxd6 cxd6 10. 0-0 Nh7 11. f4 f5 12. Nd2 fxe4 13. dxe4 Qh4 14. Nf3 Qg3 15. Qe1 Qxe1 16. Rxe1 Nf6 17. e5 dxe5 18. Nxe5 Bb7 19. Nd3 Nd5 20. Bd2 Bc8 21. Rac1 Nf6 22. Bb4 Re8 23. Rxe8+ Nxe8 24. Ne5 a5 25. Be7 Ra7 26. Bc5 Rb7 27. Rd1 Be6 28. Rd8 Bf7 29. a3 a4 30. Rc8 Rc7 31. Rxc7 Nxc7 32. Nxc6 Ne6 33. Be3 Bg6 34. Ne7+ Kf7 35. Nxg6 Kxg6 36. g4 Nc7 37. Kf2 h5 38. Kf3 hxg4+ 39. hxg4 Ne8 40. f5+ Kf7 41. Bf4 g6 42. Be5 gxf5 43. gxf5 Ke7 44. Ke4 1-0

[Event "SVK-ch U10"]
[Site "Liptovsky Mikulas"]
[Date "2007.04.26"]
[Round "7"]
[White "Kantor, Gergo"]
[Black "Csenger, Geza"]
[Result "0-1"]
[WhiteElo "1350"]
[BlackElo "1350"]
[PlyCount "58"]
[EventDate "2007.04.22"]
[EventType "swiss"]
[EventRounds "9"]
[EventCountry "SVK"]
[SourceTitle "EXT 2008"]
[Source "ChessBase"]
[SourceDate "2007.11.25"]
[SourceVersion "1"]
[SourceVersionDate "2007.11.25"]
[SourceQuality "1"]

1. f4 e6 2. Nf3 Nc6 3. c4 Nf6 4. Nc3 d6 5. d4 d5 6. cxd5 exd5 7. e3 Be7 8. Bb5 a6 9. Bxc6+ bxc6 10. Qa4 Bd7 11. Ne5 c5 12. Nxd7 Nxd7 13. 0-0 0-0 14. Nxd5 cxd4 15. Nxe7+ Qxe7 16. Qxd4 c5 17. Qd2 Rad8 18. Qa5 Qe6 19. Rd1 Qg4 20. Bd2 Nf6 21. h3 Qg3 22. Be1 Rxd1 23. Rxd1 Qxe3+ 24. Kh1 Ne4 25. Qa4 Qxf4 26. Bg3 Nxg3+ 27. Kh2 Qxa4 28. Kxg3 Qxd1 29. Kh4 Qd3 0-1